000 00321nam a2200133Ia 4500
008 190216s9999||||xx |||||||||||||| ||und||
100 _aPeebles. Pje
245 0 _aQuantum Mechanics
250 _a1st Ed.
260 _bPrentice Hall Of India Pvt Ltd
_c2001
300 _a419
650 _aChemistry-Chemistry
942 _cBK
999 _c2987
_d2987